| 000 | 01803nam a2200205Ia 4500 | ||
|---|---|---|---|
| 001 | B7083-51690 | ||
| 003 | IT-MiCISF | ||
| 008 | 161014s9999||||xx |||||||||||||| ||und|| | ||
| 040 |
_aIT-MiCISF _cIT-MiCISF |
||
| 041 | _ait | ||
| 100 | _aCigoli Vittorio | ||
| 245 | 0 |
_aIl viaggio iniziatico _bClinica dei corpi familiari # |
|
| 250 | _a1a ed. | ||
| 260 |
_a Milano _bFranco Angeli _c2012 |
||
| 300 | _app. 298 | ||
| 500 | _a / Terapia-familiare, funzionamento-familiare, terapia-sistemica, rapporti-intergenerazionali / Il testo porta a compimento la ricerca clinica dell'A. sui "corpi familiari", iniziata negli anni Novanta del secolo scorso, ed è dedicato alla nuova generazione di clinici che vogliono orientarsi in senso familiare. Essi sono accompagnati in un viaggio iniziatico che attraversa culture, tempi e luoghi: musei, luoghi ameni, "età dell'oro", ricerca di tradizioni, opere di scultura e di pittura, servono a delineare le tappe del viaggio per far emergere i corpi familiari nel loro contesto vitale e nelle loro qualità relazionali profonde. E' infatti straordinario rilevare come al di là delle molteplici differenze di forme familiari (il visibile) vi siano comunanze, specie "simboliche". Vengono poi delineati i principi teorici, la metodologia e le tecniche di lavoro clinico proprie dell'orientamento dei corpi familiari, con particolare riferimento all'"incorporazione" e al transfert generazionale nelle sue diverse manifestazioni. Viene successivamente presentata la concezione drammaturgica che guida l'intervento clinico. Le trame e gli intrecci che chiudono il testo servono proprio a offrire evidenza su come e a quale scopo entrare nel vivo dei corpi familiari. | ||
| 650 |
_a Dinamiche familiari / terapia _e001 |
||
| 942 | _cBK | ||
| 957 | _71 | ||
| 999 |
_a51690 _bsi _g1 _c209896 _d209896 |
||